Представление документа в формате RUSMARC

ПолеНазваниеЗначение
  Тип записи a
  Библиографический уровень m
001 Контрольный номер RU/SLIB/B/208703292
005 Дата корректировки 20241022084310.5
010 Индекс ISBN __
d Цена 14-00
101 Язык документа __
a Язык текста rus
c Язык оригинала rus
200 Заглавие и сведения об ответственности 1_
a Заглавие Советская архитектура
e Сведения, относящиеся к заглавию кн. для учителя
f Первые сведения об ответственности В. В. Курбатов
b Общее обозначение материала Текст
210 Выходные данные __
a Место издания М.
c Издательство Просвещение
d Дата издания 1988
215 Физическое описание __
a Объем 205 с.
c Иллюстрации/тип воспроизводства ил.
320 Библиография __
a Библиография Библиогр.: с. 203-204
606 Тематические рубрики __
a Основная рубрика Изобразительное искусство и архитектура
606 Тематические рубрики __
a Основная рубрика История архитектуры
y Географическая подрубрика Россия; СССР
610 Ключевые слова __
a Ключевые слова промышленные сооружения; архитектурное творчество; архитекторы; архитектурные ансамбли; общественные здания; жилые здания; жилые дома; жилые помещения; жилые комплексы
686 Индексы других классификаций __
2 Код системы rubbks
a Классификационный индекс 85.113(2)6
700 Автор _1
a Фамилия Курбатов
b Имя В. В.
4 Код отношения 070
801 Источник записи _0
a Страна RU
b Организация Муниципальное бюджетное учреждение культуры "Централизованная библиотечная система" г. Сургут (Центральная городская библиотека им. А. С. Пушкина)
g Правила каталогизации ОБ/Шулаева
801 Источник записи _1
a Страна RU
b Организация Муниципальное бюджетное учреждение культуры "Централизованная библиотечная система" г. Сургут (Центральная городская библиотека им. А. С. Пушкина)
g Правила каталогизации ОБ/Шулаева
852 Данные о местонахождении __
j Шифр хранения 85.113(2)6
c Каталожный индекс 85.113(2)6
i Авторский знак К 93
p Инвентарный номер 74765
901 Тип документа __
t Тип документа m
903 Характеристики (МАРС) __
a Дата передачи 20081218; 20000220
969 Тип издания __
a Тип издания пособие
990 Данные о заказе (DOS) 00
j Количество экземпляров (DOS) 1
t N записи в КСУ для И/У (DOS) 200001